LEADER 01237nam 2200361 n 450 001 996397027103316 005 20200818212851.0 035 $a(CKB)4940000000064342 035 $a(EEBO)2240875076 035 $a(UnM)99825057e 035 $a(UnM)99825057 035 $a(EXLCZ)994940000000064342 100 $a19920306d1676 uy | 101 0 $aeng 135 $aurbn||||a|bb| 200 13$aAn abridgment of Christian doctrine$b[electronic resource] $eWith proofs of scripture for points controverted catechistically explained, by way of question and answer 205 $aThe fourteenth edition, with additions. 210 $a[Douai] $cPrinted for A.L.$din the year M. DC. LXXVI. [1676] 215 $a[6], 290, 5, [3] p 300 $aBy Henry Turberville. 300 $aPlace of publication from Wing. 300 $aTitle page torn with slight loss of print. 300 $aReproduction of the original in the Bodleian Library. 330 $aeebo-0014 700 $aTurberville$b Henry$fd. 1678.$0793399 801 0$bCu-RivES 801 1$bCu-RivES 801 2$bCStRLIN 801 2$bWaOLN 906 $aBOOK 912 $a996397027103316 996 $aAn abridgment of Christian doctrine$92327757 997 $aUNISA